[Event "North Sydney Ford Memorial"]
[Site "Sydney"]
[Date "2006.09.26"]
[Round "4"]
[White "Glerum, John"]
[Black "Greenwood, Norman"]
[Result "1-0"]
[WhiteElo "1095"]
[BlackElo "1504"]
[PlyCount "127"]
[EventDate "2006.08.15"]
[EventType "swiss"]
[EventRounds "9"]
[EventCountry "AUS"]
[SourceTitle "EXT 2010"]
[Source "ChessBase"]
[SourceDate "2010.11.25"]
[SourceVersion "1"]
[SourceVersionDate "2010.11.25"]
[SourceQuality "1"]

1. d4 Nf6 2. Nf3 c5 3. dxc5 Qa5+ 4. Nc3 e6 5. Bd2 Qxc5 6. e4 Ng4 7. Qe2 Bd6 8. h3 Ne5 9. Nxe5 Bxe5 10. Qb5 Qc7 11. Bd3 Nc6 12. Be3 0-0 13. 0-0 a6 14. Qb6 Qb8 15. f4 Bc7 16. Qc5 e5 17. f5 Bd6 18. Qb6 Bc7 19. Qc5 b5 20. Nd5 Bd6 21. Qb6 Bb7 22. Bc5 Bxc5+ 23. Qxc5 d6 24. Qe3 Re8 25. f6 Qa7 26. Qxa7 Rxa7 27. fxg7 Kxg7 28. c3 Bc8 29. Rf3 Re6 30. Raf1 Rg6 31. Rf6 Be6 32. Rxg6+ hxg6 33. Be2 Ne7 34. Nxe7 Rxe7 35. a3 d5 36. Bf3 dxe4 37. Bxe4 f5 38. Bc2 Rd7 39. Rd1 Rxd1+ 40. Bxd1 Bc4 41. Kf2 e4 42. Ke3 Kf6 43. h4 g5 44. hxg5+ Kxg5 45. g3 Kf6 46. Kf4 Bd3 47. a4 Ke6 48. axb5 axb5 49. Bb3+ Kd6 50. Bg8 Ke7 51. Bh7 Ke6 52. Bxf5+ Kd5 53. g4 b4 54. cxb4 Kc4 55. Bxe4 Be2 56. g5 Kxb4 57. g6 Bh5 58. g7 Bf7 59. Ke5 Bg8 60. Bd5 Bh7 61. Kf6 Kc5 62. Bf7 Kb4 63. Ke7 Ka4 64. Kf6 1-0